[Event "Challenge"]
[Site "http://www.queenalice.com/game.php?id=1864031"]
[Date "2025.10.10"]
[Round "-"]
[White "marcomasa"]
[Black "Ricardoabreu"]
[Result "1-0"]
[WhiteElo "2131"]
[BlackElo "1698"]

1. e4 b6 2. Bc4 Bb7 3. Nc3 g6 4. Nf3 Bg7 5. d4 e6 6. Bf4 Bh6 7. Bg3 Nf6 8. Qe2
d6 9. a3 Nc6 10. h3 Nh5 11. Bh2 Bf4 12. g3 Bh6 13. b4 a6 14. Bb3 Bg7 15. g4 Nf6
16. Qd3 Ne7 17. Bg3 Nc6 18. d5 exd5 19. exd5 Ne7 20. Rb1 Qd7 21. Ba4 b5 22. Bb3
O-O 23. O-O Rae8 24. a4 c6 25. dxc6 Bxc6 26. a5 d5 27. Ne5 Qb7 28. Nxc6 Qxc6 29.
f3 Rd8 30. Rfe1 Qb7 31. Re2 Rd7 32. Rbe1 d4 33. Ne4 Nfd5 34. Nc5 Nxb4 35. Nxb7
Nxd3 36. cxd3 Rxb7 37. Rxe7 Rxe7 38. Rxe7 Bf6 39. Ra7 Kg7 40. Rxa6 Rc8 41. Rb6
Rc1+ 42. Kf2 Rc5 43. Rb8 Rc3 44. a6 Rxb3 45. a7 Rb2+ 46. Ke1 Rb1+ 47. Kd2 Rb2+
48. Kc1 Ra2 49. a8=Q Rxa8 50. Rxa8 1-0

[Event "Challenge"]
[Site "http://www.queenalice.com/game.php?id=1864122"]
[Date "2025.10.12"]
[Round "-"]
[White "maurice916"]
[Black "marcomasa"]
[Result "0-1"]
[WhiteElo "1871"]
[BlackElo "2135"]

1. Nf3 Nc6 2. b3 e5 3. e4 Bc5 4. Bb2 d6 5. Bb5 Bd7 6. O-O Nf6 7. d3 a6 8. Bxc6
Bxc6 9. Nbd2 Qe7 10. a3 O-O-O 11. b4 Ba7 12. c4 h6 13. Qc2 g5 14. Nb3 Ba4 15.
Qc3 Nh5 16. Nbd2 g4 17. Ne1 Nf4 18. Kh1 Ne2 19. Qc1 Nxc1 20. Rxc1 h5 21. g3 h4
22. Ng2 hxg3 23. fxg3 Rh3 24. Nh4 Rh8 25. Kg2 R3xh4 26. gxh4 Qxh4 27. Rh1 Qh3#
0-1

[Event "Challenge"]
[Site "http://www.queenalice.com/game.php?id=1864282"]
[Date "2025.10.14"]
[Round "-"]
[White "marcomasa"]
[Black "maurice916"]
[Result "1-0"]
[WhiteElo "2139"]
[BlackElo "1843"]

1. e4 c6 2. Bc4 d5 3. exd5 cxd5 4. Bb3 Nf6 5. Nf3 Nc6 6. d4 Bg4 7. c3 e6 8. h3
Bh5 9. g4 Bg6 10. Bf4 Bd6 11. Bh2 Be4 12. Nbd2 Bxh2 13. Rxh2 Bg6 14. Bc2 Qc7 15.
Bxg6 hxg6 16. Qe2 O-O-O 17. O-O-O Kb8 18. Nb3 Ne4 19. Rhh1 Nb4 20. Kb1 Na6 21.
Nfd2 Nd6 22. f3 Rd7 23. f4 Nc4 24. Nxc4 dxc4 25. Nd2 b5 26. Nf3 Qxf4 27. Ne5 Rb7
28. Rhf1 Qg3 29. Rf3 Qh4 30. Nxf7 Rf8 31. Qxe6 Re7 32. Qd6+ Nc7 33. Ne5 Rxf3 34.
Nc6+ Kb7 35. Nxe7 Qxh3 36. Qc6+ Kb8 37. Qd7 Rd3 38. Qc8# 1-0

[Event "Challenge"]
[Site "http://www.queenalice.com/game.php?id=1864770"]
[Date "2025.10.27"]
[Round "-"]
[White "maurice916"]
[Black "marcomasa"]
[Result "0-1"]
[WhiteElo "1841"]
[BlackElo "2142"]

1. Nf3 Nc6 2. b3 e5 3. d3 Bc5 4. Bb2 d6 5. e4 Nf6 6. h3 Qe7 7. Nbd2 Bd7 8. a3 a6
9. Be2 h6 10. b4 Ba7 11. Nb3 g6 12. Nfd2 Bb6 13. O-O h5 14. Kh1 O-O-O 15. c4
Rdg8 16. Rc1 g5 17. c5 dxc5 18. bxc5 Ba7 19. a4 h4 20. Ba3 g4 21. hxg4 Nxg4 22.
Nf3 Nf6 23. Nh2 Rg6 24. Bf3 Rgh6 25. Bg4 Nxg4 26. Nxg4 Rg6 27. Nh2 f6 28. Nd2
Qg7 29. Rg1 Rg8 30. Qf1 Nd4 31. Ndf3 Ne2 32. Qxe2 Rxg2 33. Rcf1 Bh3 34. Qe1
Rxg1+ 35. Rxg1 Bg2+ 36. Rxg2 Qxg2# 0-1

[Event "Challenge"]
[Site "http://www.queenalice.com/game.php?id=1864958"]
[Date "2025.10.30"]
[Round "-"]
[White "marcomasa"]
[Black "maurice916"]
[Result "1-0"]
[WhiteElo "2145"]
[BlackElo "1750"]

1. e4 c6 2. Bc4 d5 3. exd5 cxd5 4. Bb3 g6 5. d4 Bg7 6. h3 Nc6 7. Nf3 Nf6 8. Bf4
e6 9. c3 b5 10. a3 Bb7 11. Nbd2 Rc8 12. Ba2 a6 13. Nb3 O-O 14. Qe2 Ne4 15. O-O-O
b4 16. Nfd2 f5 17. Nxe4 fxe4 18. Nc5 Qe7 19. axb4 e5 20. Bxd5+ Kh8 21. dxe5 Rxf4
22. e6 Bh6 23. Kb1 Ba8 24. Bxe4 Qf6 25. g3 Rxf2 26. Qxa6 Qf8 27. Rd7 Nxb4 28.
cxb4 Bxe4+ 29. Nxe4 Rxb2+ 30. Kxb2 Qxb4+ 31. Ka1 Bg7+ 32. Rxg7 Kxg7 33. Qxc8
Qxe4 34. Qc7+ Kh6 35. Qf4+ Qxf4 36. gxf4 Kg7 37. Re1 Kf8 38. e7+ Ke8 39. Kb2 1-0

[Event "Challenge"]
[Site "http://www.queenalice.com/game.php?id=1865124"]
[Date "2025.11.3"]
[Round "-"]
[White "maurice916"]
[Black "marcomasa"]
[Result "0-1"]
[WhiteElo "1690"]
[BlackElo "2146"]

1. Nf3 Nc6 2. b3 e5 3. d3 Bc5 4. Bb2 Qf6 5. Nbd2 d5 6. e3 Nge7 7. Be2 Ng6 8. d4
exd4 9. exd4 Nxd4 10. Nxd4 Bxd4 11. Bxd4 Qxd4 12. O-O Bd7 13. Re1 O-O-O 14. Bd3
Ne5 15. Nf3 Nxf3+ 16. Qxf3 f6 17. Rac1 Rdf8 18. c3 Qb6 19. c4 dxc4 20. Bxc4 g5
21. Bd5 h5 22. g3 g4 23. Qg2 h4 24. Kh1 Rh5 25. Red1 Rfh8 26. Bf7 R5h7 27. Bg6
Rh6 28. Rxd7 Kxd7 29. Bf5+ Ke7 30. Qe4+ Kf7 31. Qc4+ Kg7 32. Qe6 Qxe6 33. Bxe6
hxg3 34. Rxc7+ Kg6 35. fxg3 Rxh2+ 36. Kg1 Rh1+ 37. Kf2 R8h2+ 38. Ke3 Re1+ 39.
Kf4 Rxe6 40. Kxg4 Rb6 41. Rc4 Rxa2 0-1

[Event "Challenge"]
[Site "http://www.queenalice.com/game.php?id=1865276"]
[Date "2025.11.8"]
[Round "-"]
[White "marcomasa"]
[Black "maurice916"]
[Result "1-0"]
[WhiteElo "2147"]
[BlackElo "1698"]

1. e4 c6 2. Bc4 d5 3. exd5 cxd5 4. Bb3 g6 5. d4 Bg7 6. Bf4 Nc6 7. c3 Bf5 8. h3
h5 9. Nf3 Nf6 10. Nbd2 O-O 11. Qe2 Re8 12. O-O-O Na5 13. g4 hxg4 14. hxg4 Bxg4
15. Rdg1 Nxb3+ 16. Nxb3 Qd7 17. Qd3 Bf5 18. Qd2 Ne4 19. Qe1 Nd6 20. Nc5 Qc6 21.
Ng5 e6 22. Rh4 e5 23. Bxe5 Bxe5 24. dxe5 Qxc5 25. Rgh1 Kf8 26. Nh7+ Kg7 27. Ng5
Ne4 28. Rh7+ Kf8 29. Nxf7 Qc4 30. Nh8 Nxc3 31. Rf7+ Kg8 32. Qxc3 Qf4+ 33. Kd1
Qxf2 34. e6 Bg4+ 35. Kc1 Qg2 36. Qg7# 1-0

[Event "Challenge"]
[Site "http://www.queenalice.com/game.php?id=1865464"]
[Date "2025.11.12"]
[Round "-"]
[White "maurice916"]
[Black "marcomasa"]
[Result "0-1"]
[WhiteElo "1736"]
[BlackElo "2148"]

1. Nf3 Nc6 2. d4 d5 3. b3 Bf5 4. Bb2 Nf6 5. e3 e6 6. Bb5 Qd6 7. Ne5 Qb4+ 8. Nc3
Qd6 9. Nxc6 bxc6 10. Bd3 Bxd3 11. cxd3 g6 12. O-O Bg7 13. Ne2 O-O 14. Qc2 Rfe8
15. e4 dxe4 16. dxe4 Qd7 17. Rfd1 a5 18. Rac1 Ra6 19. Qc4 Rea8 20. Nc3 Rb6 21.
Na4 Rb5 22. Qxc6 Qxc6 23. Rxc6 Nxe4 24. Rxc7 Nf6 25. Nc5 Nd5 26. Rb7 Rxc5 27.
dxc5 Bxb2 28. Rd2 Ba3 29. c6 Rc8 30. Rc2 Nb4 31. Rc5 Rxc6 32. Rxc6 Nxc6 33. Rc7
Ne7 34. Rb7 Bb4 35. a3 Bxa3 36. Kf1 Bb4 37. f3 Nf5 38. Kf2 Nd4 39. Ke3 Nxb3 40.
Ke2 Kg7 41. Kd1 Nc5 42. Rb5 Nd3 43. Ke2 Nc5 44. h3 Nb3 45. Kd3 Nd2 46. Rxb4 axb4
47. Kxd2 Kf6 48. Kc2 Kf5 49. g3 Ke5 50. Kb3 Kd4 51. f4 Ke4 52. Kxb4 Kf3 0-1

[Event "Challenge"]
[Site "http://www.queenalice.com/game.php?id=1865558"]
[Date "2025.11.13"]
[Round "-"]
[White "marcomasa"]
[Black "maurice916"]
[Result "0-1"]
[WhiteElo "2149"]
[BlackElo "1724"]

1. e4 c6 2. Bc4 d5 3. exd5 cxd5 4. Bb3 Nf6 5. d4 g6 6. h3 Bg7 7. Nf3 O-O 8. Bf4
Nc6 9. Nc3 h5 10. Qd3 Bf5 11. Qd2 Re8 12. O-O-O Ne4 13. Nxe4 dxe4 14. Nh4 Nxd4
15. Qe3 Nxb3+ 16. Qxb3 Qb6 17. Qxb6 axb6 18. Kb1 Be6 19. a3 Ra5 20. Be3 Rb5 21.
Bd4 g5 22. g3 gxh4 23. gxh4 Bxd4 24. Rxd4 Bf5 25. a4 Rc5 26. Rc1 e6 27. Rb4 Rc6
28. Rb3 Ra8 29. Rg3+ Kf8 30. b3 Rac8 31. c4 e3+ 32. Ka1 exf2 33. Rf1 Rd8 34. Rf3
Rd3 35. R1xf2 Rxf3 36. Rxf3 Rd6 37. Kb2 Rd3 38. Rxd3 Bxd3 39. Kc3 Bf1 40. Kd4
Ke7 41. Ke4 Bxh3 42. Kf4 f6 43. Ke4 Kd6 44. Kd4 Bg4 0-1